书目信息 |
| 题名: |
英语口语与听力教程
|
|
| 作者: | 张文霞 , 耿娟 编 | |
| 分册: | 下 | |
| 出版信息: | 北京 清华大学出版社 2009.09 |
|
| 页数: | 208页 | |
| 开本: | 21cm | |
| 丛书名: | 清华大学基础英语教师培训系列教材 | |
| 单 册: | ||
| 中图分类: | H319.9 | |
| 科图分类: | ||
| 主题词: | 英语--口语--高等学校--教材 , 英语--听力--高等学校--教材 | |
| 电子资源: | ||
| ISBN: | 978-7-302-20362-9 | |
| 000 | 00838nam 2200265 450 | |
| 001 | 605794 | |
| 005 | 20101122160545.54 | |
| 010 | @a978-7-302-20362-9@dCNY14.00 | |
| 100 | @a20101129d2009 em y0chiy50 ea | |
| 101 | 0 | @achi@aeng |
| 102 | @aCN@b110000 | |
| 105 | @ay z 000yy | |
| 200 | 1 | @a英语口语与听力教程@h下@f张文霞, 耿娟编 |
| 210 | @a北京@c清华大学出版社@d2009.09 | |
| 215 | @a208页@d21cm | |
| 225 | 2 | @a清华大学基础英语教师培训系列教材 |
| 330 | @a本书包括14个单元,每个单元由话题、教学重点、3-4个语言任务以及5-6个语言实践活动组成。 | |
| 410 | 0 | @12001 @a清华大学基础英语教师培训系列教材 |
| 606 | 0 | @a英语@x口语@x高等学校@j教材 |
| 606 | 0 | @a英语@x听力@x高等学校@j教材 |
| 690 | @aH319.9@v4 | |
| 701 | 0 | @a张文霞@Azhang wen xia@4编 |
| 701 | 0 | @a耿娟@Ageng juan@4编 |
| 801 | 0 | @aCN@c20101129 |
| 905 | @dH319.9@eZ190:2 | |
| 英语口语与听力教程.下/张文霞, 耿娟编.-北京:清华大学出版社,2009.09 |
| 208页;21cm.-(清华大学基础英语教师培训系列教材) |
| ISBN 978-7-302-20362-9:CNY14.00 |
| 本书包括14个单元,每个单元由话题、教学重点、3-4个语言任务以及5-6个语言实践活动组成。 |
| ● |
| 相关链接 |
|
|
|
正题名:英语口语与听力教程
索取号:H319.9/Z190:2
 
预约/预借
| 序号 | 登录号 | 条形码 | 馆藏地/架位号 | 状态 | 备注 |
| 1 | 1034674 | 210346749 | 社科二线400B/400B社科库 7排3列2层/ [索取号:H319.9/Z190:2] | 在馆 | |
| 2 | 1034675 | 210346758 | 社科二线400B/400B社科库 9排3列1层/ [索取号:H319.9/Z190:2] | 在馆 | |
| 3 | 1034676 | 210346767 | 社科二线400B/209语言库 99排1列3层/ [索取号:H319.9/Z190:2] | 在馆 |